Art now. (Record no. 19786)
[ view plain ]
| 000 -LEADER | |
|---|---|
| fixed length control field | 01724cam a22004335a 4500 |
| 001 - CONTROL NUMBER | |
| control field | 12913419 |
| 003 - CONTROL NUMBER IDENTIFIER | |
| control field | EG-ScBUE |
| 005 - DATE AND TIME OF LATEST TRANSACTION | |
| control field | 20220911103649.0 |
| 008 - FIXED-LENGTH DATA ELEMENTS--GENERAL INFORMATION | |
| fixed length control field | 020823t2013 gw a f bd 001 0deng d |
| 020 ## - INTERNATIONAL STANDARD BOOK NUMBER | |
| International Standard Book Number | 9783836528160 (v. 4) |
| 040 ## - CATALOGING SOURCE | |
| Original cataloging agency | DLC |
| Language of cataloging | eng |
| Description conventions | rda |
| Transcribing agency | DLC |
| Modifying agency | DLC |
| -- | EG-ScBUE |
| -- | EG-ScBUE |
| 041 0# - LANGUAGE CODE | |
| Language code of text/sound track or separate title | eng |
| -- | fre |
| -- | ger |
| 082 04 - DEWEY DECIMAL CLASSIFICATION NUMBER | |
| Classification number | 709.05 |
| Item number | ART |
| Edition number | 22 |
| 245 00 - TITLE STATEMENT | |
| Title | Art now. |
| Number of part/section of a work | volume 4 / |
| Statement of responsibility, etc | [edited by Hans Werner Holzwarth ; texts by John Beeson [and fifteenth others] ; English translation by Christopher Cordy, Tim Connell ; German translation by Bernhard Geyer, Bram Opstelten ; French translation by Jacques Bosser, Wolf Fruhtrunk] |
| 246 34 - VARYING FORM OF TITLE | |
| Title proper/short title | Art now : |
| Remainder of title | a cutting-edge selection of today's most exciting artists |
| 264 #1 - PUBLICATION, DISTRIBUTION, ETC. (IMPRINT) | |
| Place of publication, distribution, etc | Köln ; |
| Name of publisher, distributor, etc | Taschen, |
| Date of publication, distribution, etc | [2013] |
| 264 #4 - PUBLICATION, DISTRIBUTION, ETC. (IMPRINT) | |
| Date of publication, distribution, etc | c2013 |
| 300 ## - PHYSICAL DESCRIPTION | |
| Extent | 575 pages : |
| Other physical details | illustrations (some color) ; |
| Dimensions | 27 cm |
| 336 ## - CONTENT TYPE | |
| Source | rdacontent |
| Content type term | text |
| Content type code | txt |
| 337 ## - MEDIA TYPE | |
| Source | rdamedia |
| Media type term | unmediated |
| Media type code | n |
| 338 ## - CARRIER TYPE | |
| Source | rdacarrier |
| Carrier type term | volume |
| Carrier type code | nc |
| 500 ## - GENERAL NOTE | |
| General note | Includes glossary. |
| 504 ## - BIBLIOGRAPHY, ETC. NOTE | |
| Bibliography, etc | Includes bibliographical references and index. |
| 546 ## - LANGUAGE NOTE | |
| Language note | Text in English, French, and German. |
| 650 #7 - SUBJECT ADDED ENTRY--TOPICAL TERM | |
| Topical term or geographic name as entry element | Art movements |
| General subdivision | History |
| Chronological subdivision | 20th century. |
| Source of heading or term | BUEsh |
| 650 #7 - SUBJECT ADDED ENTRY--TOPICAL TERM | |
| Topical term or geographic name as entry element | Artists |
| Form subdivision | Biography. |
| Source of heading or term | BUEsh |
| 651 ## - SUBJECT ADDED ENTRY--GEOGRAPHIC NAME | |
| Source of heading or term | BUEsh |
| 653 ## - INDEX TERM--UNCONTROLLED | |
| Resource For college | Communication and mass media |
| Arrived date list | June2015 |
| -- | February2016 |
| 655 ## - INDEX TERM--GENRE/FORM | |
| Form subdivision | Reading book |
| 9 (RLIN) | 34232 |
| 700 1# - ADDED ENTRY--PERSONAL NAME | |
| Personal name | Holzwarth, Hans Werner, |
| Relator term | editor. |
| 700 1# - ADDED ENTRY--PERSONAL NAME | |
| Personal name | Beeson, John, |
| Relator term | editor. |
| 9 (RLIN) | 35845 |
| 700 1# - ADDED ENTRY--PERSONAL NAME | |
| Personal name | Cordy, Christopher, |
| Relator term | translator. |
| 700 1# - ADDED ENTRY--PERSONAL NAME | |
| Personal name | Connell, Tim, |
| Relator term | translator. |
| 9 (RLIN) | 41551 |
| 700 1# - ADDED ENTRY--PERSONAL NAME | |
| Personal name | Geyer, Bernhard, |
| Relator term | translator. |
| 700 1# - ADDED ENTRY--PERSONAL NAME | |
| Personal name | Opstelten, Bram, |
| Relator term | translator. |
| 700 1# - ADDED ENTRY--PERSONAL NAME | |
| Personal name | Bosser, Jacques, |
| Relator term | translator. |
| 700 1# - ADDED ENTRY--PERSONAL NAME | |
| Personal name | Fruhtrunk, Wolf, |
| Relator term | translator. |
| 942 ## - ADDED ENTRY ELEMENTS (KOHA) | |
| Source of classification or shelving scheme | Dewey Decimal Classification |
| Koha item type | Book - Borrowing |
| Withdrawn status | Lost status | Source of classification or shelving scheme | Damaged status | Not for loan | Collection code | Home library | Current library | Shelving location | Date acquired | Source of acquisition | Cost, normal purchase price | Serial Enumeration / chronology | Total Checkouts | Total Renewals | Full call number | Barcode | Date last seen | Date checked out | Cost, replacement price | Koha item type |
|---|---|---|---|---|---|---|---|---|---|---|---|---|---|---|---|---|---|---|---|---|
| Dewey Decimal Classification | Alahram | Central Library | Central Library | Second Floor | 21/06/2015 | Purchase | 378.00 | 299 | 1 | 4 | 709.05 ART | 000038722 | 15/07/2025 | 17/03/2021 | 472.50 | Book - Borrowing |